[Event "26th WSCC 2016 Open 50+"]
[Site "Marianske Lazne, Czech Republic - Hotel Cristal and Continental"]
[Date "2016.11.23"]
[Round "5.19"]
[White "Baimurzin, Aitkazy"]
[Black "Meister, Jakob"]
[Result "1/2-1/2"]
[WhiteElo "2132"]
[BlackElo "2444"]
[PlyCount "141"]
[EventDate "2016.11.19"]

1. c4 b6 2. Nc3 Bb7 3. e4 e6 4. Nf3 Bb4 5. Bd3 Ne7 6. O-O Ng6 7. Re1 Nc6 8. Bf1
e5 9. Nd5 Bc5 10. d3 Nd4 11. Be3 c6 12. Nc3 Nxf3+ 13. Qxf3 d6 14. a3 Bxe3 15.
Qxe3 Qf6 16. b4 Nf4 17. Rad1 Ne6 18. Ne2 c5 19. g3 h5 20. f4 h4 21. Bg2 hxg3
22. hxg3 Bc6 23. Rf1 Qh6 24. Kf2 Ke7 25. Rh1 Qf6 26. b5 Bb7 27. a4 Rxh1 28.
Rxh1 a6 29. Rb1 Kd8 30. Qd2 axb5 31. Rxb5 exf4 32. gxf4 Qh4+ 33. Kg1 Rxa4 34.
Rb1 Kc7 35. f5 Qg5 36. Qxg5 Nxg5 37. Nc3 Rb4 38. Nb5+ Kb8 39. Rd1 Bc6 40. Nxd6
Rb2 41. f6 g6 42. d4 cxd4 43. Rxd4 Kc7 44. Rd3 Ra2 45. Nb5+ Bxb5 46. cxb5 Rc2
47. Rd5 Ne6 48. Bf1 Rc5 49. Rd2 Re5 50. Ra2 Ng5 51. Bc4 Kd6 52. Ra7 Rxe4 53.
Bxf7 Nxf7 54. Rxf7 Rf4 55. Rb7 Kc5 56. f7 Kxb5 57. Kg2 Kc6 58. Re7 b5 59. Kg3
Rf5 60. Kg4 Kb6 61. Rd7 Ka5 62. Re7 Kb6 63. Rd7 Kc6 64. Re7 Kd5 65. Rd7+ Kc4
66. Re7 Kd3 67. Rb7 Kc4 68. Re7 Kd5 69. Rb7 Kc6 70. Re7 b4 71. Re4 1/2-1/2

[Event "26th WSCC 2016 Open 50+"]
[Site "Marianske Lazne, Czech Republic - Hotel Cristal and Continental"]
[Date "2016.11.23"]
[Round "5.20"]
[White "Berezjuk, Sergej"]
[Black "Kolesar, Milan"]
[Result "1-0"]
[WhiteElo "2431"]
[BlackElo "2194"]
[PlyCount "81"]
[EventDate "2016.11.19"]

1. e4 c5 2. Nf3 d6 3. d4 cxd4 4. Nxd4 Nf6 5. Nc3 Nc6 6. Bg5 e6 7. Qd2 a6 8.
O-O-O Bd7 9. f4 b5 10. Bxf6 gxf6 11. Kb1 Qb6 12. Nxc6 Bxc6 13. f5 b4 14. Ne2 e5
15. Ng3 Qc5 16. Nh5 Ke7 17. Bd3 a5 18. g4 Rg8 19. Rhg1 h6 20. Qe2 a4 21. Bc4 a3
22. Rg3 axb2 23. Kxb2 Rc8 24. Bb3 Bb7 25. Kb1 Bg7 26. Qe1 Bh8 27. h3 Rgd8 28.
Rgd3 Ba6 29. Rd5 Qb6 30. Qg1 Qc7 31. Qe3 Qb8 32. Qxh6 Rc3 33. g5 Rxh3 34. gxf6+
Kd7 35. Qd2 Kc8 36. Ng7 Qb6 37. Rxd6 Rxd6 38. Qxd6 Qxd6 39. Rxd6 Bb7 40. Bd5
Bxd5 41. Rxd5 1-0

[Event "26th WSCC 2016 Open 50+"]
[Site "Marianske Lazne, Czech Republic - Hotel Cristal and Continental"]
[Date "2016.11.23"]
[Round "5.21"]
[White "Kalegin, Evgenij"]
[Black "Kozak, Milos"]
[Result "1-0"]
[WhiteElo "2420"]
[BlackElo "2159"]
[PlyCount "87"]
[EventDate "2016.11.19"]

1. e4 c6 2. d4 d5 3. Nc3 dxe4 4. Nxe4 Bf5 5. Ng3 Bg6 6. Nf3 Nd7 7. h4 h6 8. h5
Bh7 9. Bd3 Bxd3 10. Qxd3 e6 11. Bd2 Ngf6 12. O-O-O Be7 13. Kb1 O-O 14. Ne4 Nxe4
15. Qxe4 Nf6 16. Qe2 Qd5 17. Ne5 Qe4 18. Qxe4 Nxe4 19. Be1 Rfd8 20. f3 Nf6 21.
Bf2 Rac8 22. g4 b5 23. c3 Nd5 24. Nd3 Bd6 25. Kc2 a5 26. b3 b4 27. c4 Nc3 28.
Ra1 Be7 29. Rhe1 a4 30. a3 axb3+ 31. Kxb3 c5 32. Nxc5 Bxc5 33. dxc5 Rd3 34. Re3
Rcd8 35. axb4 Nd1+ 36. Rxd3 Rxd3+ 37. Kc2 Nxf2 38. Ra8+ Kh7 39. c6 Rd4 40. Kb3
Rd3+ 41. Ka4 Nd1 42. c7 Nc3+ 43. Ka5 Nd5 44. cxd5 1-0

[Event "26th WSCC 2016 Open 50+"]
[Site "Marianske Lazne, Czech Republic - Hotel Cristal and Continental"]
[Date "2016.11.23"]
[Round "5.22"]
[White "Ginsburg, Mark"]
[Black "Bartos, Jan"]
[Result "1/2-1/2"]
[WhiteElo "2340"]
[BlackElo "2151"]
[PlyCount "49"]
[EventDate "2016.11.19"]

1. Nf3 d5 2. d4 Nf6 3. c4 dxc4 4. e3 e6 5. Bxc4 c5 6. O-O a6 7. dxc5 Bxc5 8.
Qxd8+ Kxd8 9. b3 Ke7 10. Bb2 b6 11. Nbd2 Bb7 12. Be2 Rd8 13. Nc4 Nc6 14. Rfc1
Rac8 15. a3 b5 16. Ncd2 Bb6 17. b4 Nb8 18. Nb3 Nbd7 19. Nfd4 Rxc1+ 20. Rxc1 Rc8
21. Rxc8 Bxc8 22. Nc6+ Kd6 23. Nca5 e5 24. Kf1 Nd5 25. Ke1 1/2-1/2

[Event "26th WSCC 2016 Open 50+"]
[Site "Marianske Lazne, Czech Republic - Hotel Cristal and Continental"]
[Date "2016.11.23"]
[Round "5.23"]
[White "Liberchuk, Ilia"]
[Black "Buchal, Stephan"]
[Result "0-1"]
[WhiteElo "2076"]
[BlackElo "2339"]
[PlyCount "52"]
[EventDate "2016.11.19"]

1. c4 d6 2. d4 g6 3. e4 Bg7 4. Nc3 Nf6 5. f3 O-O 6. Be3 a6 7. Qd2 Nbd7 8. g4 c5
9. O-O-O Qa5 10. Kb1 b5 11. h4 Rb8 12. cxb5 axb5 13. Nd5 Nxd5 14. Qxa5 Nxe3 15.
Rc1 Nxf1 16. Rxf1 cxd4 17. Rd1 Ne5 18. Qe1 Be6 19. Ne2 Nxf3 20. Qg3 Ne5 21.
Nxd4 Bxg4 22. Rc1 h5 23. Nc6 Rb7 24. Nxe5 Bxe5 25. Qd3 Ra8 26. b3 Rxa2 0-1

[Event "26th WSCC 2016 Open 50+"]
[Site "Marianske Lazne, Czech Republic - Hotel Cristal and Continental"]
[Date "2016.11.23"]
[Round "5.24"]
[White "Schroll, Gerhard"]
[Black "Gueci, Riccardo"]
[Result "1/2-1/2"]
[WhiteElo "2314"]
[BlackElo "2121"]
[PlyCount "36"]
[EventDate "2016.11.19"]

1. d4 d6 2. e4 g6 3. c3 Bg7 4. f4 Nd7 5. Nf3 b6 6. Bc4 e6 7. f5 Nf8 8. O-O h6
9. fxe6 Nxe6 10. Qe2 Ne7 11. d5 Nc5 12. e5 O-O 13. Be3 Bg4 14. exd6 cxd6 15. h3
Bxf3 16. Qxf3 Nd7 17. Nd2 Nf5 18. Bf2 Ne5 1/2-1/2

[Event "26th WSCC 2016 Open 50+"]
[Site "Marianske Lazne, Czech Republic - Hotel Cristal and Continental"]
[Date "2016.11.23"]
[Round "5.25"]
[White "Koehler, Gerhard"]
[Black "Bergstrom, Rolf"]
[Result "1-0"]
[WhiteElo "2182"]
[BlackElo "2296"]
[PlyCount "91"]
[EventDate "2016.11.19"]

1. c4 b6 2. d4 Bb7 3. d5 e6 4. a3 f5 5. Nf3 Nf6 6. Nc3 Na6 7. Bf4 Ne4 8. Nb5
Bd6 9. Bxd6 Nxd6 10. Nxd6+ cxd6 11. e3 Nc7 12. Be2 O-O 13. O-O Qe7 14. dxe6
dxe6 15. Rc1 e5 16. Qd2 Rad8 17. Rfd1 Kh8 18. b4 f4 19. exf4 Rxf4 20. c5 bxc5
21. bxc5 d5 22. Qb2 Bc8 23. Qxe5 Qxe5 24. Nxe5 Re8 25. Nd3 Ra4 26. Bf3 Rxa3 27.
Nb4 Be6 28. Bxd5 Nxd5 29. Nxd5 Bxd5 30. Rxd5 Rc3 31. Ra1 h6 32. h4 Re7 33. h5
Rc2 34. Rb1 Kh7 35. Rb8 g6 36. hxg6+ Kxg6 37. Rd6+ Kf5 38. Rxh6 Rc7 39. Rh5+
Kg6 40. g4 R2xc5 41. Rxc5 Rxc5 42. Kg2 Rc1 43. Kg3 Ra1 44. Rc8 a5 45. Rc6+ Kg7
46. f4 1-0

[Event "26th WSCC 2016 Open 50+"]
[Site "Marianske Lazne, Czech Republic - Hotel Cristal and Continental"]
[Date "2016.11.23"]
[Round "5.26"]
[White "Kutynec, Vladimir"]
[Black "Gollain, Marc"]
[Result "1-0"]
[WhiteElo "2295"]
[BlackElo "2097"]
[PlyCount "85"]
[EventDate "2016.11.19"]

1. Nf3 d5 2. c4 c6 3. g3 Bg4 4. Ne5 Be6 5. cxd5 Bxd5 6. f3 Nd7 7. Nxd7 Qxd7 8.
Nc3 e5 9. Nxd5 Qxd5 10. Qc2 Nf6 11. b3 h5 12. Bb2 h4 13. g4 Bc5 14. g5 Nd7 15.
Bh3 O-O-O 16. Qe4 Qxe4 17. fxe4 Rde8 18. e3 Rh5 19. Rc1 Be7 20. Rf1 Rf8 21. Rf5
Rxg5 22. Bxe5 Rg1+ 23. Rf1 Rxf1+ 24. Kxf1 f6 25. Bb2 Kc7 26. Ke2 Bd6 27. Rg1
Rf7 28. Rg2 Re7 29. Bf5 Nc5 30. d3 a5 31. Bc3 a4 32. b4 Ne6 33. Bxe6 Rxe6 34.
Rxg7+ Kb6 35. h3 a3 36. Rh7 Re7 37. Rxh4 Rg7 38. Rg4 Rh7 39. Bxf6 Rxh3 40. e5
Rh2+ 41. Kf3 Bxe5 42. Bxe5 Rxa2 43. Rg2 1-0

[Event "26th WSCC 2016 Open 50+"]
[Site "Marianske Lazne, Czech Republic - Hotel Cristal and Continental"]
[Date "2016.11.23"]
[Round "5.27"]
[White "Schneider, Alexander"]
[Black "Yakimenko, Alexander A"]
[Result "0-1"]
[WhiteElo "2058"]
[BlackElo "2240"]
[PlyCount "44"]
[EventDate "2016.11.19"]

1. d4 e6 2. c4 Nf6 3. Nc3 c5 4. d5 exd5 5. cxd5 d6 6. e4 g6 7. Bd3 Bg7 8. Nge2
a6 9. a4 O-O 10. O-O Re8 11. Rb1 Nbd7 12. b3 Rb8 13. Bb2 Ne5 14. Qc2 Nfg4 15.
Ng3 Qh4 16. h3 Ne3 17. fxe3 Qxg3 18. Kh1 Nxd3 19. Qxd3 Be5 20. Kg1 Bxh3 21. Rf2
Qh2+ 22. Kf1 Bg3 0-1

[Event "26th WSCC 2016 Open 50+"]
[Site "Marianske Lazne, Czech Republic - Hotel Cristal and Continental"]
[Date "2016.11.23"]
[Round "5.28"]
[White "Smolin, Sergey"]
[Black "Hrbolka, Ladislav"]
[Result "1/2-1/2"]
[WhiteElo "2224"]
[BlackElo "2094"]
[PlyCount "100"]
[EventDate "2016.11.19"]

1. e4 c5 2. Nc3 Nc6 3. g3 g6 4. Bg2 Bg7 5. d3 d6 6. Be3 Nf6 7. h3 Rb8 8. f4 O-O
9. Nge2 Bd7 10. O-O b5 11. Qd2 b4 12. Nd1 a5 13. Nf2 a4 14. Rad1 Qa5 15. b3 Ne8
16. f5 Nd4 17. Nf4 e6 18. h4 exf5 19. Nd5 Qd8 20. Bh6 Bxh6 21. Qxh6 Nf6 22. Rd2
Nxd5 23. exd5 Qe7 24. Nh3 Qe5 25. Rdf2 Rbe8 26. h5 Qg7 27. Qf4 Re5 28. h6 Qf6
29. Kh2 Qe7 30. Ng5 f6 31. Nf3 Nxf3+ 32. Bxf3 axb3 33. axb3 g5 34. Qd2 g4 35.
Bg2 Re8 36. d4 Re3 37. dxc5 dxc5 38. d6 Qe5 39. Qd5+ Be6 40. Qb7 Qxg3+ 41. Kg1
Bf7 42. d7 Rd8 43. Rxf5 Re1 44. Qc8 Qe3+ 45. R5f2 Rxf1+ 46. Bxf1 Qe7 47. Rd2
Qe3+ 48. Rf2 Qe7 49. Bb5 Qe1+ 50. Bf1 Qe7 1/2-1/2

[Event "26th WSCC 2016 Open 50+"]
[Site "Marianske Lazne, Czech Republic - Hotel Cristal and Continental"]
[Date "2016.11.23"]
[Round "5.29"]
[White "Danek, Pavel"]
[Black "Malinin, Vasily B"]
[Result "0-1"]
[WhiteElo "1917"]
[BlackElo "2220"]
[PlyCount "62"]
[EventDate "2016.11.19"]

1. d4 d5 2. Nf3 Nc6 3. Bg5 h6 4. Bh4 g5 5. Bg3 Bg7 6. e3 Nf6 7. Ne5 Ne4 8. Bb5
Nxg3 9. hxg3 Qd6 10. Nd3 O-O 11. c3 f6 12. Nc5 b6 13. Nb3 e5 14. a3 Ne7 15. Bd3
c5 16. Be2 e4 17. dxc5 bxc5 18. c4 f5 19. Nc3 d4 20. exd4 cxd4 21. Nb5 Qb8 22.
N5xd4 Rd8 23. Qd2 Nc6 24. Nxc6 Rxd2 25. Nxb8 Rxb2 26. Rc1 Rxb8 27. c5 Rxe2+ 28.
Kxe2 Rxb3 29. Rhd1 Ba6+ 30. Kd2 Bd4 31. Kc2 Rb2# 0-1

[Event "26th WSCC 2016 Open 50+"]
[Site "Marianske Lazne, Czech Republic - Hotel Cristal and Continental"]
[Date "2016.11.23"]
[Round "5.30"]
[White "Thuesen, Mogens"]
[Black "Mohapl, Petr"]
[Result "1-0"]
[WhiteElo "2207"]
[BlackElo "2066"]
[PlyCount "77"]
[EventDate "2016.11.19"]

1. f4 Nf6 2. Nf3 d5 3. g3 c6 4. Bg2 Bf5 5. O-O e6 6. d3 Qb6+ 7. e3 h6 8. Nc3
Nbd7 9. Qe1 Be7 10. Kh1 Bh7 11. e4 dxe4 12. dxe4 O-O 13. a3 Nc5 14. Ne5 Qc7 15.
b4 Ncd7 16. Nc4 Nb6 17. Qe2 Nxc4 18. Qxc4 a5 19. Be3 Rfc8 20. Bg1 b5 21. Qb3
Rd8 22. Rfd1 Rxd1 23. Rxd1 Rd8 24. Rd3 a4 25. Qb1 Nd7 26. Qd1 Kf8 27. Ne2 Nf6
28. Rxd8+ Bxd8 29. Qd4 Ke8 30. c4 Qd7 31. cxb5 cxb5 32. Nc3 Qc6 33. e5 Nd5 34.
Nxd5 exd5 35. Bxd5 Qd7 36. Qc5 Be7 37. Qc6 Bd3 38. Bd4 f6 39. Bf7+ 1-0

[Event "26th WSCC 2016 Open 50+"]
[Site "Marianske Lazne, Czech Republic - Hotel Cristal and Continental"]
[Date "2016.11.23"]
[Round "5.31"]
[White "Vieira, Alexandre Letizio"]
[Black "Barron, Michael"]
[Result "0-1"]
[WhiteElo "1835"]
[BlackElo "2189"]
[PlyCount "52"]
[EventDate "2016.11.19"]

1. d4 f5 2. Nf3 Nf6 3. Bf4 g6 4. e3 Bg7 5. Nbd2 O-O 6. h4 d6 7. h5 Nxh5 8. Rxh5
gxh5 9. c3 Qe8 10. Be2 e5 11. dxe5 dxe5 12. Qb3+ Kh8 13. Bg5 Nc6 14. O-O-O Rb8
15. Rh1 Qg6 16. Bh4 Be6 17. Qc2 e4 18. Ng5 Bg8 19. Rg1 Bf6 20. f4 h6 21. Rh1
Kg7 22. Bxh5 Qxh5 23. Ne6+ Kh7 24. Nxf8+ Rxf8 25. g3 Bxh4 26. Rxh4 Qe2 0-1

[Event "26th WSCC 2016 Open 50+"]
[Site "Marianske Lazne, Czech Republic - Hotel Cristal and Continental"]
[Date "2016.11.23"]
[Round "5.32"]
[White "Syrchikov, Alexander"]
[Black "Tiedt, Gunter"]
[Result "1-0"]
[WhiteElo "2416"]
[BlackElo "2020"]
[PlyCount "125"]
[EventDate "2016.11.19"]

1. d4 d5 2. Nf3 Nf6 3. Bf4 Bg4 4. e3 e6 5. Bd3 Bd6 6. Bg5 Nbd7 7. c4 dxc4 8.
Bxc4 c5 9. Nbd2 cxd4 10. exd4 O-O 11. O-O Qa5 12. Be2 Rac8 13. h3 Bf5 14. Nc4
Qc7 15. Rc1 Qb8 16. Nxd6 Qxd6 17. Qb3 Qb6 18. Qa3 h6 19. Bd2 Qd8 20. Rxc8 Qxc8
21. Qxa7 Qa8 22. Qxa8 Rxa8 23. Ra1 Ne4 24. Be1 Rc8 25. Bd1 g5 26. Nd2 Nb6 27.
f3 Nxd2 28. Bxd2 Rc4 29. Bc3 Bd3 30. Bb3 Rc6 31. Kf2 Nd5 32. Rc1 Bc4 33. Bd2
Bxb3 34. Rxc6 bxc6 35. axb3 Kf8 36. f4 f6 37. fxg5 hxg5 38. Kf3 Kf7 39. Ke4 Ke7
40. Kd3 Kd6 41. g3 Nb6 42. Bb4+ Kd7 43. Ba5 Nd5 44. Bd2 Kd6 45. b4 Nb6 46. b3
Kd5 47. Bc1 Nd7 48. h4 e5 49. hxg5 e4+ 50. Kc3 f5 51. Be3 Nf8 52. b5 cxb5 53.
Kb4 Kc6 54. d5+ Kxd5 55. Kxb5 Nd7 56. g6 Ke6 57. Bd4 e3 58. g7 Kf7 59. Bxe3
Kxg7 60. Bf4 Kf7 61. Kc6 Ke6 62. b4 Nf6 63. b5 1-0

[Event "26th WSCC 2016 Open 50+"]
[Site "Marianske Lazne, Czech Republic - Hotel Cristal and Continental"]
[Date "2016.11.23"]
[Round "5.33"]
[White "Rakhimov, Zinnour K"]
[Black "Paldus, Petr"]
[Result "1-0"]
[WhiteElo "2398"]
[BlackElo "2031"]
[PlyCount "107"]
[EventDate "2016.11.19"]

1. e4 e5 2. Nf3 Nc6 3. d4 exd4 4. Nxd4 Nxd4 5. Qxd4 Qf6 6. Qc4 Qc6 7. Nc3 Qxc4
8. Bxc4 c6 9. Bf4 b5 10. Nxb5 cxb5 11. Bd5 Nf6 12. Bxa8 Bc5 13. O-O Ba6 14.
Rad1 Ke7 15. Bd5 b4 16. Rfe1 Ng4 17. Rd2 f6 18. e5 g5 19. exf6+ Kxf6 20. Bg3 h5
21. Bf3 h4 22. Bxg4 hxg3 23. hxg3 d6 24. Re6+ Kf7 25. Rdxd6 Bxd6 26. Rxd6 Bc8
27. Rd4 a5 28. Be2 Be6 29. Bc4 Rc8 30. b3 Rc6 31. Re4 Bxc4 32. Rxc4 Rd6 33. Rc5
Rd1+ 34. Kh2 Rd2 35. g4 Kg6 36. Kg3 Rd6 37. Kf3 Rf6+ 38. Ke2 Re6+ 39. Kd1 Ra6
40. Kc1 Kh6 41. f3 Kg6 42. Kb2 Kh6 43. Rb5 Kg6 44. g3 a4 45. Rxb4 a3+ 46. Kc3
Re6 47. Re4 Rc6+ 48. Kd3 Rd6+ 49. Rd4 Re6 50. Kd2 Kf6 51. f4 Ra6 52. c4 Ra8 53.
Kc3 Re8 54. Kb4 1-0

[Event "26th WSCC 2016 Open 50+"]
[Site "Marianske Lazne, Czech Republic - Hotel Cristal and Continental"]
[Date "2016.11.23"]
[Round "5.34"]
[White "Schatz, Christian"]
[Black "Melkeraen, Terje"]
[Result "1-0"]
[WhiteElo "2218"]
[BlackElo "2011"]
[PlyCount "93"]
[EventDate "2016.11.19"]

1. Nf3 Nf6 2. d4 g6 3. Bg5 Bg7 4. Nbd2 d5 5. e3 O-O 6. Be2 c6 7. c4 Bg4 8. O-O
Ne4 9. Bh4 h6 10. cxd5 cxd5 11. Nxe4 dxe4 12. Nd2 Bxe2 13. Qxe2 g5 14. Bg3 Qd5
15. Rfc1 Nd7 16. Qc4 Nb6 17. Qxd5 Nxd5 18. Nxe4 f5 19. Nc3 Nxc3 20. bxc3 f4 21.
exf4 gxf4 22. Bh4 e5 23. dxe5 Bxe5 24. Rab1 b6 25. f3 Rac8 26. c4 Bd4+ 27. Bf2
Bxf2+ 28. Kxf2 Rc5 29. Rb5 Rc6 30. Re5 a6 31. Rc2 Kg7 32. Ke2 Kf6 33. Re4 Kf5
34. Rd2 Rff6 35. Rd5+ Kg6 36. a4 Rf5 37. Kd3 Rg5 38. Rxf4 Rxg2 39. Rg4+ Rxg4
40. fxg4 Rf6 41. Ke4 Rc6 42. Kd4 Rf6 43. Ke5 Rf2 44. Rd6+ Kg5 45. h4+ Kxh4 46.
Rxh6+ Kxg4 47. Rxb6 1-0

[Event "26th WSCC 2016 Open 50+"]
[Site "Marianske Lazne, Czech Republic - Hotel Cristal and Continental"]
[Date "2016.11.23"]
[Round "5.35"]
[White "Cafolla, Peter"]
[Black "Grant, Jonathan I M"]
[Result "0-1"]
[WhiteElo "1996"]
[BlackElo "2218"]
[PlyCount "55"]
[EventDate "2016.11.19"]

1. e4 c6 2. Nc3 d5 3. Nf3 Bg4 4. h3 Bxf3 5. Qxf3 e6 6. d4 dxe4 7. Qxe4 Nf6 8.
Qe3 Nbd7 9. Bd2 g6 10. Be2 Bg7 11. O-O-O O-O 12. Kb1 Qb6 13. Na4 Qc7 14. Qf4 e5
15. Qh2 Ne4 16. Be1 b5 17. Nc3 Nd6 18. d5 b4 19. Na4 cxd5 20. Bxb4 Rfc8 21. Bd3
Nc4 22. Nc3 Ndb6 23. b3 a5 24. Nb5 Qc6 25. bxc4 dxc4 26. Nc3 cxd3 27. cxd3 axb4
28. Ne4 0-1

[Event "26th WSCC 2016 Open 50+"]
[Site "Marianske Lazne, Czech Republic - Hotel Cristal and Continental"]
[Date "2016.11.23"]
[Round "5.36"]
[White "Hartung-Nielsen, Jens"]
[Black "Fox, Anthony"]
[Result "1-0"]
[WhiteElo "2200"]
[BlackElo "1986"]
[PlyCount "79"]
[EventDate "2016.11.19"]

1. e4 e5 2. Nf3 Nc6 3. Nc3 Nf6 4. Bb5 Bb4 5. O-O O-O 6. d3 d6 7. Bg5 Bxc3 8.
bxc3 Qe7 9. Re1 Nd8 10. d4 Ne6 11. Bc1 c5 12. Bf1 Rd8 13. d5 Nf8 14. a4 b6 15.
Nd2 Ng6 16. g3 Bg4 17. f3 Bd7 18. Bb5 Bh3 19. Qe2 h6 20. Qf2 Nh5 21. Bf1 Bd7
22. Nc4 Rab8 23. Ne3 Qe8 24. Bb5 Bxb5 25. axb5 Qxb5 26. Rxa7 Ra8 27. Rb7 Qa6
28. Rc7 Rac8 29. Rxc8 Rxc8 30. Nf5 Rd8 31. f4 exf4 32. Qf3 Nf6 33. Bxf4 Ne8 34.
Rf1 Qb7 35. Bxh6 gxh6 36. Nxh6+ Kg7 37. Nxf7 Rd7 38. Ng5 Kg8 39. Qf5 Kg7 40.
Ne6+ 1-0

[Event "26th WSCC 2016 Open 50+"]
[Site "Marianske Lazne, Czech Republic - Hotel Cristal and Continental"]
[Date "2016.11.23"]
[Round "5.37"]
[White "Maslak, Alexander"]
[Black "Kucera, Jiri"]
[Result "1-0"]
[WhiteElo "2186"]
[BlackElo "1958"]
[PlyCount "75"]
[EventDate "2016.11.19"]

1. e4 c5 2. Nf3 e6 3. d4 cxd4 4. Nxd4 Nc6 5. Nc3 Qc7 6. g3 a6 7. Bg2 Nf6 8. O-O
Bc5 9. Nb3 Be7 10. f4 d6 11. a4 Na5 12. Nxa5 Qxa5 13. Be3 O-O 14. Qd2 Qc7 15.
a5 Bd7 16. Bb6 Qb8 17. e5 Ne8 18. Rfd1 Bc6 19. Bxc6 bxc6 20. exd6 Nxd6 21. Na4
Nc4 22. Qc3 Nxb6 23. Nxb6 Ra7 24. Nd7 Qb5 25. Nxf8 Kxf8 26. Qd3 Qc5+ 27. Kg2 g6
28. c3 Rb7 29. b4 Qd5+ 30. Qf3 Qb5 31. Rab1 Qc4 32. Qd3 Qd5+ 33. Kg1 Kg7 34.
Qxa6 Bc5+ 35. bxc5 Qxc5+ 36. Kf1 Rxb1 37. Rxb1 Qxc3 38. Qe2 1-0

[Event "26th WSCC 2016 Open 50+"]
[Site "Marianske Lazne, Czech Republic - Hotel Cristal and Continental"]
[Date "2016.11.23"]
[Round "5.38"]
[White "Madeira, Wagner Martins"]
[Black "Shaw, Meyrick"]
[Result "1-0"]
[WhiteElo "2172"]
[BlackElo "1947"]
[PlyCount "41"]
[EventDate "2016.11.19"]

1. e4 c6 2. c4 d5 3. exd5 cxd5 4. cxd5 Qxd5 5. Nc3 Qe5+ 6. Be2 Bg4 7. Qa4+ Bd7
8. Qb3 Bc6 9. Nf3 Qc7 10. d4 e6 11. O-O Nf6 12. Ne5 Bd6 13. Nb5 Bxb5 14. Bxb5+
Nfd7 15. Bf4 O-O 16. Rac1 Qd8 17. Nxf7 Rxf7 18. Bxd6 Nf8 19. Bxf8 Kxf8 20. Qxe6
Nd7 21. Bc4 1-0

[Event "26th WSCC 2016 Open 50+"]
[Site "Marianske Lazne, Czech Republic - Hotel Cristal and Continental"]
[Date "2016.11.23"]
[Round "5.39"]
[White "Miculka, Petr"]
[Black "Dovzhenko, Viktor"]
[Result "1-0"]
[WhiteElo "1995"]
[BlackElo "2171"]
[PlyCount "48"]
[EventDate "2016.11.19"]

1. e4 g6 2. d4 Bg7 3. f4 d5 4. e5 Nh6 5. Nf3 Bg4 6. Be3 O-O 7. c3 Bxf3 8. Qxf3
f6 9. exf6 Rxf6 10. g4 Re6 11. Nd2 Qd6 12. Bh3 c5 13. f5 cxd4 14. fxe6 dxe3 15.
Qxe3 d4 16. cxd4 Bxd4 17. Qxh6 Qxe6+ 18. Kd1 Be3 19. Re1 Bxd2 20. Qxd2 Qb6 21.
Rc1 Nc6 22. Kc2 Rd8 23. Qc3 Rd5 24. Kb1 Rb5 1-0

[Event "26th WSCC 2016 Open 50+"]
[Site "Marianske Lazne, Czech Republic - Hotel Cristal and Continental"]
[Date "2016.11.23"]
[Round "5.40"]
[White "Agusto, Obafunmilayo"]
[Black "Galvan Sarmiento, Jose Luis"]
[Result "1-0"]
[WhiteElo "2144"]
[BlackElo "1933"]
[PlyCount "93"]
[EventDate "2016.11.19"]

1. d4 Nf6 2. c4 e6 3. Nf3 Bb4+ 4. Nc3 O-O 5. Qc2 d5 6. Bg5 h6 7. Bh4 c5 8. e3
cxd4 9. exd4 dxc4 10. Bxc4 Qc7 11. Bb3 Nbd7 12. O-O a6 13. Rac1 b5 14. Qe2 Qb8
15. Ne5 Bb7 16. Nxf7 Rxf7 17. Qxe6 Qe8 18. Bxf6 Qxe6 19. Bxe6 gxf6 20. Nxb5
axb5 21. Rc7 Bc8 22. Rfc1 Kg7 23. Bxf7 Kxf7 24. Rxc8 Rxa2 25. Rb1 Be7 26. g3 b4
27. Rc7 Ke6 28. Rb7 f5 29. Re1+ Kd6 30. Rxb4 Bf6 31. Kg2 Ra6 32. Re3 Nb6 33.
Ra3 Rxa3 34. Rxb6+ Kc7 35. Rxf6 Rb3 36. Rxf5 Rxb2 37. Rf7+ Kd8 38. Rf6 Rd2 39.
Rxh6 Rxd4 40. Rh7 Ke8 41. h4 Kf8 42. Ra7 Kg8 43. f4 Rb4 44. Kf3 Rb1 45. Kg4 Rg1
46. f5 Kf8 47. Kf4 1-0

[Event "26th WSCC 2016 Open 50+"]
[Site "Marianske Lazne, Czech Republic - Hotel Cristal and Continental"]
[Date "2016.11.23"]
[Round "5.41"]
[White "Polanyi, Peter"]
[Black "Guner, Bulent"]
[Result "0-1"]
[WhiteElo "1990"]
[BlackElo "2130"]
[PlyCount "44"]
[EventDate "2016.11.19"]

1. e4 e5 2. Nf3 Nc6 3. Nc3 g6 4. Bb5 Bg7 5. d3 Nge7 6. O-O O-O 7. Re1 d6 8. a3
h6 9. Bc4 Kh7 10. Nh4 Nd4 11. h3 f5 12. exf5 Nexf5 13. Nxf5 Bxf5 14. Ne2 d5 15.
Ba2 c6 16. c3 Nxe2+ 17. Qxe2 Qh4 18. Bd2 Rf7 19. Rad1 Raf8 20. Rf1 Bxh3 21.
gxh3 Rf3 22. Rfe1 Rxh3 0-1

[Event "26th WSCC 2016 Open 50+"]
[Site "Marianske Lazne, Czech Republic - Hotel Cristal and Continental"]
[Date "2016.11.23"]
[Round "5.42"]
[White "Babar, Michael"]
[Black "Hoffmann, Michael"]
[Result "1/2-1/2"]
[WhiteElo "2129"]
[BlackElo "1920"]
[PlyCount "74"]
[EventDate "2016.11.19"]

1. Nf3 d5 2. g3 Nf6 3. Bg2 e6 4. O-O Be7 5. d3 c5 6. c3 Nc6 7. Nbd2 b6 8. e4
Qc7 9. Re1 Bb7 10. Nf1 O-O 11. Bf4 Qd8 12. e5 Nd7 13. h4 Re8 14. Qd2 Nf8 15. h5
h6 16. a3 a5 17. g4 Nh7 18. N1h2 b5 19. d4 Ba6 20. dxc5 Bxc5 21. b4 Be7 22. Bf1
Rc8 23. Bd3 Ng5 24. Nxg5 Bxg5 25. Nf3 Bxf4 26. Qxf4 f6 27. Rad1 Qc7 28. Bg6
fxe5 29. Nxe5 Rf8 30. Qg3 Nxe5 31. Rxe5 Qxc3 32. Qxc3 Rxc3 33. Rxe6 Bc8 34. Re3
axb4 35. axb4 Rc4 36. f3 d4 37. Re4 Rxb4 1/2-1/2

[Event "26th WSCC 2016 Open 50+"]
[Site "Marianske Lazne, Czech Republic - Hotel Cristal and Continental"]
[Date "2016.11.23"]
[Round "5.43"]
[White "Daneri, Martin"]
[Black "Canonne, Antoine"]
[Result "1/2-1/2"]
[WhiteElo "2113"]
[BlackElo "1887"]
[PlyCount "80"]
[EventDate "2016.11.19"]

1. e4 c5 2. Nc3 e6 3. f4 d5 4. Bb5+ Nc6 5. Bxc6+ bxc6 6. d3 Nf6 7. Bd2 Rb8 8.
b3 Be7 9. Nf3 Ba6 10. Ne5 Qc7 11. Qf3 O-O 12. O-O Bd6 13. Rad1 Bxe5 14. fxe5
Qxe5 15. exd5 Qd4+ 16. Kh1 cxd5 17. Na4 c4 18. Be3 Qg4 19. Bxa7 Qxf3 20. Rxf3
Rb7 21. Bf2 Nd7 22. dxc4 dxc4 23. Rc3 cxb3 24. cxb3 Bb5 25. Nb2 Nf6 26. Kg1 Nd5
27. Rc5 Ra8 28. Rdc1 f6 29. Rc8+ Rxc8 30. Rxc8+ Kf7 31. Bc5 Rc7 32. Rxc7+ Nxc7
33. Kf2 Ke8 34. Ke3 Kd7 35. a4 Bc6 36. g3 g5 37. b4 h5 38. b5 Bd5 39. Bb6 Ne8
40. Bc5 Nc7 1/2-1/2

[Event "26th WSCC 2016 Open 50+"]
[Site "Marianske Lazne, Czech Republic - Hotel Cristal and Continental"]
[Date "2016.11.23"]
[Round "5.44"]
[White "Levrand, Roland"]
[Black "Arias Castanedo, Jacinto"]
[Result "1-0"]
[WhiteElo "2097"]
[BlackElo "1857"]
[PlyCount "33"]
[EventDate "2016.11.19"]

1. e4 c6 2. d4 d5 3. Nc3 dxe4 4. Nxe4 Bf5 5. Ng3 Bg6 6. N1e2 e6 7. Nf4 Bd6 8.
c3 Nf6 9. h4 Bxf4 10. Bxf4 h6 11. h5 Bh7 12. Bd3 Bxd3 13. Qxd3 Nbd7 14. O-O-O
O-O 15. Qf3 Qa5 16. Kb1 Qf5+ 17. Nxf5 1-0